| 000 | 00539nam a2200169Ia 4500 | ||
|---|---|---|---|
| 005 | 20250507130158.0 | ||
| 008 | 008 250505s9999 xx 000 0 eng d | ||
| 037 | _aSeries Article | ||
| 040 |
_aEASL _beng _cEASL |
||
| 041 |
_aeng _2eng |
||
| 084 | _qEASL | ||
| 245 | 0 | _aChecking predatory cadres : Delineating the state-business divide in China Ray Yep | |
| 260 |
_aNetherland _bRA Leiden Documentation and Research Center for Contemporary China _c2002 |
||
| 300 | _a27-53 | ||
| 942 | _cSRA | ||
| 999 |
_c1318145 _d1318145 |
||